00594nam a2200205 a 4500001001300000003000900013005001700022008004100039020002300080082001500103100002000118245005700138260005600195300000900251500003500260505003200295650002400327650001700351700002000368nice12345678IN_TiNIC20260116012256.0050524s1993 mina grp 000 0 eng  a0814761 c10000a297.4bBAL aBaldick, Julian aImaginary Muslimsb the Uwaysi Sufis of Central Asia aMinnesotabNew York University Press New Yorkc1993 a266p aincludes index and biblioraphy2 aBibliography, Index, Plates aSufism-Ahmed Uzgani aAhmed Uzgani1 aBaldick, Julian